Producción tecnificada de abonos organicos sólidos y liquidos a partir de la hoja de coca para fertilización de cultivos transitorios (Registro nro. 20642)

Detalles MARC
000 -CABECERA
Campo de control 01046nam a22002657a 4500
005 - FECHA Y HORA DE LA ULTIMA TRANSACCION
Campo de control 20191216055010.0
008 - ELEMENTOS DE LONGITUD FIJA—INFORMACION GENERAL
Campo de control 191216b xxu||||| |||| 00| 0 spa d
040 ## - FUENTE DE CATALOGACIÓN
Agencia catalogadora original CO-BoIAVH
Agencia transcriptora CO-BoIAVH
041 ## - IDIOMA
Código de idioma para texto/pista de sonido o título separado Español
044 ## - PAÍS DE PUBLICACIÓN
País de publicación Colombia
100 ## - ASIENTO PRINCIPAL--NOMBRE PERSONAL
9 (RLIN) 102113
Nombre personal Anaya Flórez, María del Socorro
Término relacionado Investigador
245 ## - MENCION DE TITULO
Título Producción tecnificada de abonos organicos sólidos y liquidos a partir de la hoja de coca para fertilización de cultivos transitorios
260 ## - PUBLICACION, DISTRIBUCION, ETC. (PIE DE IMPRENTA)
Lugar de publicación, distribución, etc. Popayan:
Nombre del editor, distribuidor, etc. Centro Agropecuario SENA,
-- Regional Cauca,
Fecha de publicación, distribución, etc. 2017.
300 ## - DESCRIPCION FISICA
Extensión 28 Páginas:
Otros detalles físicos ilustraciones,
Dimensiones 21 x 14 cm.
650 #0 - ASIENTO SECUNDARIO DE MATERIA - TERMINO TEMATICO
9 (RLIN) 19130
Término temático o nombre geográfico como elemento de entrada Abonos orgánicos
650 #0 - ASIENTO SECUNDARIO DE MATERIA - TERMINO TEMATICO
9 (RLIN) 102115
Término temático o nombre geográfico como elemento de entrada cultivos transitorios
650 #0 - ASIENTO SECUNDARIO DE MATERIA - TERMINO TEMATICO
9 (RLIN) 41718
Término temático o nombre geográfico como elemento de entrada Cultivo de coca
650 #0 - ASIENTO SECUNDARIO DE MATERIA - TERMINO TEMATICO
9 (RLIN) 101789
Término temático o nombre geográfico como elemento de entrada Guía informativa
650 #0 - ASIENTO SECUNDARIO DE MATERIA - TERMINO TEMATICO
9 (RLIN) 73304
Término temático o nombre geográfico como elemento de entrada Guía Ilustrada
700 ## - ASIENTO SECUNDARIO - NOMBRE PERSONAL
9 (RLIN) 102114
Nombre personal Troyano Sánchez, Dora Lucila
Forma más completa del nombre Investigador
710 ## - ASIENTO SECUNDARIO - NOMBRE CORPORATIVO
9 (RLIN) 102112
Nombre corporativo o de jurisdicción como elemento de entrada GEIITA - Grupo de estudio en investigación e innovación tecnológica agropecuaria
710 ## - ASIENTO SECUNDARIO - NOMBRE CORPORATIVO
9 (RLIN) 101520
Nombre corporativo o de jurisdicción como elemento de entrada SENNOVA
710 ## - ASIENTO SECUNDARIO - NOMBRE CORPORATIVO
9 (RLIN) 61695
Nombre corporativo o de jurisdicción como elemento de entrada SENA
942 ## - ELEMENTOS ADICIONALES (KOHA)
Sistema de clasificación Dewey Decimal Classification
Tipo de ítem Folleto
Existencias
Withdrawn status Lost status Sistema de Clasificación Damaged status No para préstamo Colección Ubicación Permanente Ubicación actual Fecha de adquisición Total Checkouts Número topográfico Inventario / Código de Barras Date last seen Ejemplar Price effective from Forma de adquisición Tipo de material
    Dewey Decimal Classification     Hemeroteca Bogotá Bogotá 16/12/2019   FG-0372 043883 16/12/2019 Ej.1 16/12/2019 Donación Folleto
    Dewey Decimal Classification     Hemeroteca Bogotá Bogotá 16/12/2019   FG-0372 043884 16/12/2019 Ej.2 16/12/2019 Donación Folleto
    Dewey Decimal Classification     Hemeroteca Bogotá Bogotá 16/12/2019   FG-0372 043885 16/12/2019 Ej.3 16/12/2019 Donación Folleto
    Dewey Decimal Classification     Hemeroteca Bogotá Bogotá 16/12/2019   FG-0372 043886 16/12/2019 Ej.4 16/12/2019 Donación Folleto
    Dewey Decimal Classification     Hemeroteca Bogotá Bogotá 16/12/2019   FG-0372 043887 16/12/2019 Ej.5 16/12/2019 Donación Folleto